| 000 | 00742nas a2200265 4500 | ||
|---|---|---|---|
| 001 | BR9208269 | ||
| 003 | BR-BrBNA | ||
| 005 | 20231205093105.0 | ||
| 007 | ta | ||
| 008 | 230509b bl.|||p| |||| 00| 00por d | ||
| 040 |
_aBR-BrBNA _bpor _cBiblioteca Nacional de Agricultura |
||
| 041 | _a(Pt) | ||
| 072 | _aL73; L70 | ||
| 100 | 1 | _aMargatho, L.F.F. | |
| 100 | 1 | _aCarvalho, P.R. | |
| 100 | 1 | _aParente, V.L.C. | |
| 100 | 1 | _aBaldassi, L. | |
| 245 | 1 | _aOcorrencia de tetano em bovinos apos castracao | |
| 650 | _aBOVINO | ||
| 650 | _aTETANO | ||
| 650 | _aCASTRACAO | ||
| 773 | 0 |
_tBiologico (Brazil) _xISSN 0366-0567 _g(Jul-Dec 1988), v. 54(7-12) p. 59-61 _wBR9208269 |
|
| 909 |
_a202311 _bLúcia _c55 _dLúcia Elande |
||
| 942 |
_2AGRIS _n0 _cANA |
||
| 999 |
_c136178 _d136178 |
||